000 00608nam a2200205Ia 4500
003 GCL
008 140319s9999 xx 000 0 ara d
040 _aGCL /
_cGCL
082 0 4 _aق
_b309.162
_bو م
100 1 _aوليم نظير
245 1 0 _aالمرأة فى تاريخ مصر القديم /
_cوليم نظير
260 _a[S.N] :
_bدار القلم للتراث ،
_c1965
300 _a135 ص
490 _a
650 0 4 _aالاحوال الاجتماعية
650 0 4 _aالمرأة
650 0 4 _aمصر القديمة
650 0 4 _aالحضارة الفرعونية
942 _2ddc
_cBK
999 _c36462
_d36462